[Event "Campeonato de España Rapid 2017"]
[Site "Linares"]
[Date "2017.08.13"]
[Round "3"]
[White "Granda Zuniga, Julio E"]
[Black "Espinosa Aranda, Angel"]
[Result "1/2-1/2"]
[Board "7"]
[WhiteTitle "GM"]
[WhiteElo "2644"]
[WhiteCountry "PER"]
[WhiteFideId "3800024"]
[WhiteEloChange "-3"]
[BlackTitle "IM"]
[BlackElo "2425"]
[BlackCountry "ESP"]
[BlackFideId "2278189"]
[BlackEloChange "3"]

1. b3 {[%clk 0:15:07]} d5 {[%clk 0:14:57]} 2. Bb2 {[%clk 0:15:09]} Nf6 {[%clk
0:15:00]} 3. e3 {[%clk 0:15:10]} c6 {[%clk 0:14:58]} 4. f4 {[%clk 0:14:43]} Bg4
{[%clk 0:14:52]} 5. Nf3 {[%clk 0:13:47]} Nbd7 {[%clk 0:14:48]} 6. d3 {[%clk
0:13:21]} e6 {[%clk 0:14:30]} 7. Nbd2 {[%clk 0:13:19]} Qb6 {[%clk 0:13:35]} 8.
Qe2 {[%clk 0:12:56]} Bc5 {[%clk 0:13:12]} 9. Kf2 {[%clk 0:11:39]} Bxf3 {[%clk
0:12:37]} 10. Kxf3 {[%clk 0:11:41]} O-O-O {[%clk 0:10:58]} 11. d4 {[%clk
0:09:21]} Be7 {[%clk 0:10:54]} 12. c4 {[%clk 0:08:23]} h5 {[%clk 0:10:33]} 13. c5
{[%clk 0:08:11]} Qc7 {[%clk 0:10:37]} 14. b4 {[%clk 0:08:10]} g5 {[%clk 0:10:07]}
15. b5 {[%clk 0:07:31]} cxb5 {[%clk 0:09:10]} 16. Qxb5 {[%clk 0:07:32]} gxf4
{[%clk 0:07:59]} 17. exf4 {[%clk 0:07:35]} Ne4 {[%clk 0:05:53]} 18. Nxe4 {[%clk
0:07:13]} dxe4+ {[%clk 0:05:57]} 19. Kxe4 {[%clk 0:07:16]} Rhg8 {[%clk 0:05:36]}
20. g3 {[%clk 0:06:56]} h4 {[%clk 0:05:40]} 21. Kf3 {[%clk 0:06:54]} Nf6 {[%clk
0:05:17]} 22. Bc4 {[%clk 0:03:12]} Nh5 {[%clk 0:03:36]} 23. c6 {[%clk 0:03:14]}
Qxc6+ {[%clk 0:03:00]} 24. Qxc6+ {[%clk 0:03:14]} bxc6 {[%clk 0:03:00]} 25. Rhg1
{[%clk 0:02:37]} hxg3 {[%clk 0:03:04]} 26. hxg3 {[%clk 0:02:41]} Nf6 {[%clk
0:03:01]} 27. Rac1 {[%clk 0:02:44]} Kd7 {[%clk 0:02:44]} 28. Bb3 {[%clk 0:02:47]}
Rb8 {[%clk 0:02:43]} 29. Rc4 {[%clk 0:02:40]} Nd5 {[%clk 0:02:39]} 30. Rgc1
{[%clk 0:02:29]} Rgc8 {[%clk 0:02:37]} 31. Rh1 {[%clk 0:02:16]} Rh8 {[%clk
0:02:07]} 32. Rxh8 {[%clk 0:01:59]} Rxh8 {[%clk 0:02:11]} 33. Ba4 {[%clk
0:02:03]} Rc8 {[%clk 0:02:16]} 34. Bb3 {[%clk 0:01:59]} Rh8 {[%clk 0:02:11]} 35.
Ra4 {[%clk 0:01:52]} Ra8 {[%clk 0:02:08]} 36. Bc1 {[%clk 0:02:02]} a5 {[%clk
0:01:52]} 37. Bd2 {[%clk 0:01:51]} Bb4 {[%clk 0:01:53]} 38. Bxd5 {[%clk 0:01:27]}
Bxd2 {[%clk 0:01:57]} 39. Be4 {[%clk 0:01:31]} Kd6 {[%clk 0:01:39]} 40. Rc4
{[%clk 0:01:33]} Ra6 {[%clk 0:01:44]} 41. g4 {[%clk 0:01:32]} Bb4 {[%clk
0:01:40]} 42. Rc2 {[%clk 0:01:31]} c5 {[%clk 0:01:40]} 43. dxc5+ {[%clk 0:01:28]}
Bxc5 {[%clk 0:01:44]} 44. g5 {[%clk 0:01:31]} Rb6 {[%clk 0:01:43]} 45. Bd3 {[%clk
0:01:27]} Bd4 {[%clk 0:01:39]} 46. Bc4 {[%clk 0:01:10]} Rb2 {[%clk 0:01:37]} 47.
Rc1 {[%clk 0:01:04]} a4 {[%clk 0:01:08]} 48. Ke4 {[%clk 0:00:38]} Bc5 {[%clk
0:01:08]} 49. f5 {[%clk 0:00:40]} exf5+ {[%clk 0:01:03]} 50. Kxf5 {[%clk
0:00:44]} Rf2+ {[%clk 0:01:06]} 51. Kg4 {[%clk 0:00:39]} Rg2+ {[%clk 0:01:09]}
52. Kf4 {[%clk 0:00:39]} Rf2+ {[%clk 0:00:50]} 53. Kg3 {[%clk 0:00:42]} Rf5
{[%clk 0:00:48]} 54. Rd1+ {[%clk 0:00:46]} Kc7 {[%clk 0:00:51]} 55. Kg4 {[%clk
0:00:49]} Rf2 {[%clk 0:00:55]} 56. Rd5 {[%clk 0:00:44]} Be7 {[%clk 0:00:53]} 57.
Ra5 {[%clk 0:00:38]} a3 {[%clk 0:00:55]} 58. Bb3 {[%clk 0:00:39]} Rg2+ {[%clk
0:00:43]} 59. Kf4 {[%clk 0:00:43]} Rf2+ {[%clk 0:00:46]} 60. Kg3 {[%clk 0:00:47]}
Rf1 {[%clk 0:00:50]} 61. Ra7+ {[%clk 0:00:36]} Kd8 {[%clk 0:00:53]} 62. Ra8+
{[%clk 0:00:39]} Kc7 {[%clk 0:00:56]} 63. Ra7+ {[%clk 0:00:43]} Kd8 {[%clk
0:01:00]} 64. Ra8+ {[%clk 0:00:40]} Kc7 {[%clk 0:01:04]} 65. Rg8 {[%clk 0:00:43]}
Kd6 {[%clk 0:00:56]} 66. Rg7 {[%clk 0:00:45]} Ke5 {[%clk 0:00:55]} 67. Bxf7
{[%clk 0:00:41]} Rg1+ {[%clk 0:00:59]} 68. Kh4 {[%clk 0:00:44]} Kf4 {[%clk
0:01:00]} 69. Kh5 {[%clk 0:00:41]} Rxg5+ {[%clk 0:00:42]} 1/2-1/2

[Event "Campeonato de España Rapid 2017"]
[Site "Linares"]
[Date "2017.08.13"]
[Round "3"]
[White "Teran Alvarez, Ismael"]
[Black "Vazquez Igarza, Renier"]
[Result "0-1"]
[Board "9"]
[WhiteTitle "IM"]
[WhiteElo "2397"]
[WhiteCountry "ESP"]
[WhiteFideId "2204177"]
[WhiteEloChange "-5"]
[BlackTitle "GM"]
[BlackElo "2602"]
[BlackCountry "ESP"]
[BlackFideId "3503054"]
[BlackEloChange "2"]

1. c4 {[%clk 0:15:07]} e5 {[%clk 0:15:09]} 2. g3 {[%clk 0:15:08]} Nf6 {[%clk
0:15:13]} 3. Bg2 {[%clk 0:15:08]} d5 {[%clk 0:15:16]} 4. cxd5 {[%clk 0:15:10]}
Nxd5 {[%clk 0:15:20]} 5. Nf3 {[%clk 0:15:11]} Nc6 {[%clk 0:15:22]} 6. O-O {[%clk
0:15:07]} Nb6 {[%clk 0:15:14]} 7. d3 {[%clk 0:14:43]} Be7 {[%clk 0:15:01]} 8. b3
{[%clk 0:14:42]} Bf6 {[%clk 0:14:17]} 9. e4 {[%clk 0:13:05]} Bg4 {[%clk 0:14:19]}
10. Ba3 {[%clk 0:12:24]} Qd7 {[%clk 0:14:06]} 11. Nc3 {[%clk 0:11:44]} O-O-O
{[%clk 0:14:02]} 12. Qc1 {[%clk 0:10:11]} h5 {[%clk 0:12:23]} 13. Nd5 {[%clk
0:08:00]} Nxd5 {[%clk 0:12:10]} 14. exd5 {[%clk 0:08:03]} Bxf3 {[%clk 0:11:56]}
15. dxc6 {[%clk 0:07:36]} Bxc6 {[%clk 0:11:58]} 16. Bxc6 {[%clk 0:07:33]} Qxc6
{[%clk 0:12:02]} 17. Qxc6 {[%clk 0:07:26]} bxc6 {[%clk 0:12:06]} 18. Rac1 {[%clk
0:07:28]} Kb7 {[%clk 0:12:09]} 19. Rc4 {[%clk 0:06:58]} Rxd3 {[%clk 0:10:53]} 20.
Rfc1 {[%clk 0:06:58]} Rd4 {[%clk 0:06:47]} 21. Rxc6 {[%clk 0:06:47]} Rd1+ {[%clk
0:06:49]} 22. Rxd1 {[%clk 0:06:26]} Kxc6 {[%clk 0:06:52]} 23. Kf1 {[%clk
0:05:55]} Rd8 {[%clk 0:06:53]} 24. Rc1+ {[%clk 0:05:58]} Kb7 {[%clk 0:06:26]} 25.
Ke2 {[%clk 0:05:54]} Bg5 {[%clk 0:06:26]} 26. Rc2 {[%clk 0:05:56]} e4 {[%clk
0:06:04]} 27. h4 {[%clk 0:05:46]} Bh6 {[%clk 0:06:08]} 28. Bc5 {[%clk 0:05:35]}
g6 {[%clk 0:06:04]} 29. b4 {[%clk 0:03:41]} a6 {[%clk 0:06:07]} 30. a4 {[%clk
0:03:39]} Rd3 {[%clk 0:06:03]} 31. a5 {[%clk 0:02:30]} c6 {[%clk 0:06:02]} 32.
Be7 {[%clk 0:02:02]} f5 {[%clk 0:05:43]} 33. Bc5 {[%clk 0:01:35]} Bg7 {[%clk
0:05:20]} 34. Be3 {[%clk 0:01:06]} Bc3 {[%clk 0:05:09]} 35. Bc5 {[%clk 0:01:04]}
Bd4 {[%clk 0:04:24]} 36. Be7 {[%clk 0:00:28]} Rf3 {[%clk 0:03:35]} 0-1

[Event "Campeonato de España Rapid 2017"]
[Site "Linares"]
[Date "2017.08.13"]
[Round "3"]
[White "Volkov, Sergey"]
[Black "Ladron De Guevara Pinto, Paolo"]
[Result "1-0"]
[Board "10"]
[WhiteTitle "GM"]
[WhiteElo "2592"]
[WhiteCountry "RUS"]
[WhiteFideId "4122763"]
[WhiteEloChange "2"]
[BlackTitle "FM"]
[BlackElo "2368"]
[BlackCountry "ESP"]
[BlackFideId "2290847"]
[BlackEloChange "-4"]

1. d4 {[%clk 0:15:07]} d5 {[%clk 0:15:09]} 2. c4 {[%clk 0:15:10]} e6 {[%clk
0:15:09]} 3. Nc3 {[%clk 0:15:12]} Nf6 {[%clk 0:15:12]} 4. cxd5 {[%clk 0:15:14]}
exd5 {[%clk 0:15:14]} 5. Bg5 {[%clk 0:15:16]} Be7 {[%clk 0:15:17]} 6. e3 {[%clk
0:15:17]} c6 {[%clk 0:15:20]} 7. Qc2 {[%clk 0:15:17]} Nbd7 {[%clk 0:15:22]} 8.
Nf3 {[%clk 0:15:17]} Nh5 {[%clk 0:15:20]} 9. h4 {[%clk 0:15:19]} h6 {[%clk
0:15:01]} 10. Bxe7 {[%clk 0:15:21]} Qxe7 {[%clk 0:15:03]} 11. O-O-O {[%clk
0:15:18]} Nb6 {[%clk 0:13:32]} 12. Ne5 {[%clk 0:14:55]} Nf6 {[%clk 0:13:31]} 13.
Be2 {[%clk 0:13:17]} h5 {[%clk 0:13:04]} 14. Kb1 {[%clk 0:12:42]} Be6 {[%clk
0:13:05]} 15. Ka1 {[%clk 0:12:31]} O-O-O {[%clk 0:13:04]} 16. Na4 {[%clk
0:12:22]} Kb8 {[%clk 0:10:58]} 17. Nxb6 {[%clk 0:10:56]} axb6 {[%clk 0:11:00]}
18. Qb3 {[%clk 0:10:41]} Qc7 {[%clk 0:10:42]} 19. Rc1 {[%clk 0:10:15]} Nd7 {[%clk
0:10:45]} 20. Nd3 {[%clk 0:09:32]} b5 {[%clk 0:10:21]} 21. Nf4 {[%clk 0:09:31]}
Qd6 {[%clk 0:10:13]} 22. Nxh5 {[%clk 0:09:04]} g6 {[%clk 0:09:28]} 23. Nf4 {[%clk
0:09:04]} Nb6 {[%clk 0:09:26]} 24. Qc2 {[%clk 0:08:27]} Bf5 {[%clk 0:09:05]} 25.
Qc5 {[%clk 0:08:13]} Qxc5 {[%clk 0:09:07]} 26. Rxc5 {[%clk 0:08:02]} g5 {[%clk
0:09:07]} 27. Nh5 {[%clk 0:07:49]} gxh4 {[%clk 0:08:07]} 28. Rxh4 {[%clk
0:07:46]} Nc4 {[%clk 0:08:02]} 29. b3 {[%clk 0:07:10]} Nd6 {[%clk 0:07:59]} 30.
g4 {[%clk 0:06:50]} Bg6 {[%clk 0:07:55]} 31. Rc1 {[%clk 0:06:42]} Kc7 {[%clk
0:07:58]} 32. Kb2 {[%clk 0:05:40]} b4 {[%clk 0:07:48]} 33. a3 {[%clk 0:05:14]}
bxa3+ {[%clk 0:07:24]} 34. Kxa3 {[%clk 0:05:17]} Ra8+ {[%clk 0:07:28]} 35. Kb2
{[%clk 0:05:18]} Ra7 {[%clk 0:07:22]} 36. Rhh1 {[%clk 0:04:56]} Rha8 {[%clk
0:07:01]} 37. Ra1 {[%clk 0:04:58]} Rxa1 {[%clk 0:07:04]} 38. Rxa1 {[%clk
0:05:01]} Rh8 {[%clk 0:07:07]} 39. Rg1 {[%clk 0:04:10]} b5 {[%clk 0:07:06]} 40.
Nf4 {[%clk 0:02:59]} Rh2 {[%clk 0:07:03]} 41. Rg2 {[%clk 0:03:02]} Rxg2 {[%clk
0:07:00]} 42. Nxg2 {[%clk 0:03:05]} Kd7 {[%clk 0:06:37]} 43. f3 {[%clk 0:03:07]}
f6 {[%clk 0:06:15]} 44. Kc3 {[%clk 0:03:08]} Nf7 {[%clk 0:05:52]} 45. Nf4 {[%clk
0:02:52]} Bh7 {[%clk 0:05:56]} 46. Bd3 {[%clk 0:02:46]} Bxd3 {[%clk 0:05:50]} 47.
Kxd3 {[%clk 0:02:45]} Ng5 {[%clk 0:05:43]} 48. Ke2 {[%clk 0:02:48]} Kd6 {[%clk
0:05:36]} 49. Nd3 {[%clk 0:02:49]} Ne6 {[%clk 0:05:05]} 50. f4 {[%clk 0:02:52]}
Ke7 {[%clk 0:05:01]} 51. Kf3 {[%clk 0:02:50]} Kd6 {[%clk 0:05:04]} 52. Kg3 {[%clk
0:02:48]} Ke7 {[%clk 0:04:45]} 53. Nc5 {[%clk 0:02:33]} Ng7 {[%clk 0:04:23]} 54.
f5 {[%clk 0:02:29]} Ne8 {[%clk 0:04:21]} 55. Kf4 {[%clk 0:02:29]} Nd6 {[%clk
0:04:24]} 56. g5 {[%clk 0:01:58]} fxg5+ {[%clk 0:04:16]} 57. Kxg5 {[%clk
0:02:00]} Ne8 {[%clk 0:04:10]} 58. e4 {[%clk 0:01:51]} dxe4 {[%clk 0:04:06]} 59.
Nxe4 {[%clk 0:01:53]} Kf7 {[%clk 0:04:02]} 60. Kf4 {[%clk 0:01:39]} Nc7 {[%clk
0:03:25]} 61. Ke5 {[%clk 0:01:37]} Nd5 {[%clk 0:03:28]} 62. f6 {[%clk 0:01:14]}
b4 {[%clk 0:02:28]} 63. Ng5+ {[%clk 0:00:47]} Kg6 {[%clk 0:02:29]} 64. f7 {[%clk
0:00:39]} Kg7 {[%clk 0:02:33]} 65. Kd6 {[%clk 0:00:46]} Nf4 {[%clk 0:02:23]} 66.
Kxc6 {[%clk 0:00:39]} Ne2 {[%clk 0:02:17]} 67. Kc5 {[%clk 0:00:41]} 1-0

[Event "Campeonato de España Rapid 2017"]
[Site "Linares"]
[Date "2017.08.13"]
[Round "3"]
[White "Tejedor Fuente, Enrique"]
[Black "Arizmendi Martinez, Julen Luis"]
[Result "0-1"]
[Board "11"]
[WhiteTitle "FM"]
[WhiteElo "2313"]
[WhiteCountry "ESP"]
[WhiteFideId "2299100"]
[WhiteEloChange "-3"]
[BlackTitle "GM"]
[BlackElo "2586"]
[BlackCountry "ESP"]
[BlackFideId "2205092"]
[BlackEloChange "2"]

1. e4 {[%clk 0:15:06]} e6 {[%clk 0:15:04]} 2. d4 {[%clk 0:15:08]} d5 {[%clk
0:15:08]} 3. Nd2 {[%clk 0:15:04]} h6 {[%clk 0:14:55]} 4. exd5 {[%clk 0:14:38]}
exd5 {[%clk 0:14:57]} 5. Bd3 {[%clk 0:14:37]} Nf6 {[%clk 0:14:49]} 6. Ne2 {[%clk
0:14:27]} Bd6 {[%clk 0:14:31]} 7. O-O {[%clk 0:14:20]} O-O {[%clk 0:14:21]} 8.
Nf3 {[%clk 0:13:41]} Bg4 {[%clk 0:14:05]} 9. Ng3 {[%clk 0:13:39]} Re8 {[%clk
0:13:53]} 10. h3 {[%clk 0:13:39]} Be6 {[%clk 0:13:19]} 11. Re1 {[%clk 0:12:18]}
Nbd7 {[%clk 0:12:44]} 12. c3 {[%clk 0:11:57]} c6 {[%clk 0:12:25]} 13. Ne5 {[%clk
0:10:03]} c5 {[%clk 0:10:38]} 14. f4 {[%clk 0:05:56]} cxd4 {[%clk 0:10:32]} 15.
cxd4 {[%clk 0:05:59]} Qb6 {[%clk 0:10:14]} 16. Kh1 {[%clk 0:05:04]} Nf8 {[%clk
0:10:03]} 17. Re2 {[%clk 0:04:27]} Bd7 {[%clk 0:09:32]} 18. Be3 {[%clk 0:04:06]}
Bb5 {[%clk 0:09:11]} 19. Bxb5 {[%clk 0:03:45]} Qxb5 {[%clk 0:09:15]} 20. Nf5
{[%clk 0:03:48]} Qb6 {[%clk 0:06:51]} 21. Bf2 {[%clk 0:03:13]} Ne4 {[%clk
0:05:47]} 22. Rxe4 {[%clk 0:01:19]} dxe4 {[%clk 0:05:27]} 23. Nxh6+ {[%clk
0:01:23]} gxh6 {[%clk 0:04:08]} 24. Qg4+ {[%clk 0:01:27]} Kh8 {[%clk 0:03:27]}
25. Nxf7+ {[%clk 0:01:25]} Kh7 {[%clk 0:03:29]} 26. Qf5+ {[%clk 0:00:18]} Kg7
{[%clk 0:03:22]} 27. Bh4 {[%clk 0:00:07]} Be7 {[%clk 0:03:18]} 28. Ne5 {[%clk
0:00:06]} Bxh4 {[%clk 0:03:03]} 29. Qg4+ {[%clk 0:00:07]} Ng6 {[%clk 0:01:09]}
30. f5 {[%clk 0:00:09]} Rxe5 {[%clk 0:00:42]} 31. dxe5 {[%clk 0:00:12]} Bg5
{[%clk 0:00:44]} 32. fxg6 {[%clk 0:00:07]} Qxg6 {[%clk 0:00:46]} 33. Rd1 {[%clk
0:00:00]} Re8 {[%clk 0:00:16]} 34. h4 {[%clk 0:00:00]} Be7 {[%clk 0:00:09]} 35.
Qd7 {[%clk 0:00:00]} Qh5 {[%clk 0:00:08]} 36. Rf1 Qxh4+ {[%clk 0:00:08]} 37. Kg1
Rf8 {[%clk 0:00:13]} 38. Rxf8 {[%clk 0:00:08]} Kxf8 {[%clk 0:00:17]} 39. Qc8+
{[%clk 0:00:07]} Bd8 {[%clk 0:00:09]} 40. Qf5+ {[%clk 0:00:07]} Kg7 {[%clk
0:00:16]} 41. Qd7+ {[%clk 0:00:07]} Qe7 {[%clk 0:00:16]} 42. Qg4+ {[%clk
0:00:12]} Qg5 {[%clk 0:00:10]} 43. Qxe4 {[%clk 0:00:16]} Bb6+ {[%clk 0:00:12]}
44. Kh2 {[%clk 0:00:08]} Qh5+ {[%clk 0:00:12]} 45. Kg3 {[%clk 0:00:08]} Qg6+
{[%clk 0:00:17]} 46. Kf4 {[%clk 0:00:12]} Qxe4+ {[%clk 0:00:09]} 47. Kxe4 {[%clk
0:00:16]} Kf7 {[%clk 0:00:13]} 48. Kf5 {[%clk 0:00:07]} Bd4 {[%clk 0:00:14]} 49.
b3 {[%clk 0:00:08]} Bc3 {[%clk 0:00:12]} 50. a3 {[%clk 0:00:07]} a5 {[%clk
0:00:05]} 51. e6+ {[%clk 0:00:06]} Ke7 {[%clk 0:00:15]} 52. Kg6 Kxe6 {[%clk
0:00:15]} 53. Kxh6 Kd5 {[%clk 0:00:17]} 54. Kg5 {[%clk 0:00:15]} Kd4 {[%clk
0:00:21]} 55. Kf5 {[%clk 0:00:19]} Kd3 {[%clk 0:00:24]} 56. Ke6 {[%clk 0:00:21]}
Kc2 {[%clk 0:00:28]} 57. b4 {[%clk 0:00:24]} axb4 {[%clk 0:00:09]} 58. axb4
{[%clk 0:00:24]} Bxb4 {[%clk 0:00:17]} 59. Kd5 {[%clk 0:00:07]} Kb3 {[%clk
0:00:19]} 60. g4 {[%clk 0:00:10]} Bf8 {[%clk 0:00:20]} 61. g5 {[%clk 0:00:09]} b5
{[%clk 0:00:23]} 62. g6 {[%clk 0:00:12]} b4 {[%clk 0:00:27]} 63. Ke6 {[%clk
0:00:16]} Kc3 {[%clk 0:00:30]} 64. Kf7 {[%clk 0:00:21]} Bh6 {[%clk 0:00:23]} 65.
Kg8 {[%clk 0:00:25]} b3 {[%clk 0:00:24]} 66. Kh7 {[%clk 0:00:30]} b2 {[%clk
0:00:21]} 67. Kxh6 {[%clk 0:00:30]} b1Q {[%clk 0:00:22]} 68. g7 {[%clk 0:00:39]}
Qh1+ {[%clk 0:00:25]} 69. Kg6 {[%clk 0:00:43]} Qg2+ {[%clk 0:00:29]} 70. Kh7
{[%clk 0:00:48]} Qh3+ {[%clk 0:00:33]} 71. Kg6 {[%clk 0:00:52]} Qg4+ {[%clk
0:00:36]} 72. Kf7 {[%clk 0:00:54]} Qf5+ {[%clk 0:00:40]} 73. Ke7 {[%clk 0:00:58]}
Qg6 {[%clk 0:00:40]} 74. Kf8 {[%clk 0:00:58]} Qf6+ {[%clk 0:00:47]} 75. Kg8
{[%clk 0:01:08]} Kd4 {[%clk 0:00:51]} 76. Kh7 {[%clk 0:01:12]} Qf7 {[%clk
0:00:52]} 77. Kh8 {[%clk 0:01:15]} Qh5+ {[%clk 0:00:56]} 78. Kg8 {[%clk 0:01:20]}
Ke5 {[%clk 0:00:59]} 79. Kf8 {[%clk 0:01:24]} Qf5+ {[%clk 0:00:54]} 80. Kg8
{[%clk 0:01:27]} Kf6 {[%clk 0:00:57]} 0-1

[Event "Campeonato de España Rapid 2017"]
[Site "Linares"]
[Date "2017.08.13"]
[Round "3"]
[White "Saric, Ivan"]
[Black "Suarez Gomez, Julio"]
[Result "1-0"]
[Board "12"]
[WhiteTitle "GM"]
[WhiteElo "2586"]
[WhiteCountry "CRO"]
[WhiteFideId "14508150"]
[WhiteEloChange "2"]
[BlackTitle "FM"]
[BlackElo "2305"]
[BlackCountry "ESP"]
[BlackFideId "22275991"]
[BlackEloChange "-3"]

1. e4 {[%clk 0:15:09]} e5 {[%clk 0:15:08]} 2. Nf3 {[%clk 0:15:13]} Nc6 {[%clk
0:15:11]} 3. Bb5 {[%clk 0:15:17]} g6 {[%clk 0:15:13]} 4. O-O {[%clk 0:15:19]} Bg7
{[%clk 0:15:17]} 5. c3 {[%clk 0:15:23]} a6 {[%clk 0:15:20]} 6. Ba4 {[%clk
0:15:26]} d6 {[%clk 0:15:23]} 7. h3 {[%clk 0:15:20]} Bd7 {[%clk 0:15:26]} 8. d4
{[%clk 0:15:23]} h6 {[%clk 0:15:22]} 9. Re1 {[%clk 0:15:27]} Nge7 {[%clk
0:15:21]} 10. Be3 {[%clk 0:15:25]} O-O {[%clk 0:15:21]} 11. dxe5 {[%clk 0:15:21]}
dxe5 {[%clk 0:15:10]} 12. Qd2 {[%clk 0:15:24]} Kh7 {[%clk 0:13:38]} 13. Rd1
{[%clk 0:15:28]} Be6 {[%clk 0:13:12]} 14. Qe2 {[%clk 0:15:32]} Qc8 {[%clk
0:12:35]} 15. Bc5 {[%clk 0:15:36]} Rd8 {[%clk 0:12:15]} 16. Nbd2 {[%clk 0:15:14]}
b6 {[%clk 0:12:10]} 17. Ba3 {[%clk 0:15:17]} g5 {[%clk 0:11:50]} 18. Nf1 {[%clk
0:15:03]} b5 {[%clk 0:11:51]} 19. Rxd8 {[%clk 0:15:01]} Qxd8 {[%clk 0:11:51]} 20.
Rd1 {[%clk 0:15:04]} Qe8 {[%clk 0:11:49]} 21. Bb3 {[%clk 0:14:42]} Ng6 {[%clk
0:11:51]} 22. Bxe6 {[%clk 0:14:31]} fxe6 {[%clk 0:11:54]} 23. g3 {[%clk 0:14:18]}
Bf6 {[%clk 0:11:18]} 24. Ne3 {[%clk 0:14:20]} Qf7 {[%clk 0:10:51]} 25. Ng4 {[%clk
0:14:11]} Bg7 {[%clk 0:10:39]} 26. Bc5 {[%clk 0:13:23]} Rd8 {[%clk 0:08:57]} 27.
Kg2 {[%clk 0:13:12]} Qe8 {[%clk 0:08:28]} 28. Rxd8 {[%clk 0:13:10]} Nxd8 {[%clk
0:08:23]} 29. c4 {[%clk 0:12:07]} Qc6 {[%clk 0:08:07]} 30. b4 {[%clk 0:11:54]}
Nf7 {[%clk 0:08:06]} 31. cxb5 {[%clk 0:11:47]} axb5 {[%clk 0:08:09]} 32. Nd2
{[%clk 0:11:38]} Nd6 {[%clk 0:07:21]} 33. Qf3 {[%clk 0:11:41]} Qd7 {[%clk
0:06:20]} 34. Nb3 {[%clk 0:10:49]} Qc6 {[%clk 0:05:59]} 35. Nd2 {[%clk 0:10:28]}
Qd7 {[%clk 0:06:03]} 36. Nb1 {[%clk 0:10:25]} Kh8 {[%clk 0:04:48]} 37. Nc3 {[%clk
0:10:21]} Nb7 {[%clk 0:04:47]} 38. Be3 {[%clk 0:08:28]} Nd6 {[%clk 0:04:50]} 39.
Nf6 {[%clk 0:08:14]} Qf7 {[%clk 0:04:03]} 40. Nh5 {[%clk 0:08:17]} Qxf3+ {[%clk
0:02:37]} 41. Kxf3 {[%clk 0:08:20]} Bf8 {[%clk 0:02:33]} 42. Bc5 {[%clk 0:08:24]}
c6 {[%clk 0:02:35]} 43. Nf6 {[%clk 0:08:20]} Kg7 {[%clk 0:02:20]} 44. Nd7 {[%clk
0:08:23]} Be7 {[%clk 0:02:15]} 45. Nb8 {[%clk 0:08:26]} Nb7 {[%clk 0:02:06]} 46.
Nxc6 {[%clk 0:08:16]} Bxc5 {[%clk 0:02:10]} 47. bxc5 {[%clk 0:08:20]} Nxc5 {[%clk
0:02:12]} 48. Nxb5 {[%clk 0:08:21]} Kf6 {[%clk 0:02:08]} 49. Nd6 {[%clk 0:07:42]}
h5 {[%clk 0:02:00]} 50. Nc4 {[%clk 0:07:04]} g4+ {[%clk 0:00:57]} 51. hxg4 {[%clk
0:07:06]} hxg4+ {[%clk 0:01:01]} 52. Ke3 {[%clk 0:05:16]} Na4 {[%clk 0:01:05]}
53. a3 {[%clk 0:04:47]} Nc3 {[%clk 0:00:54]} 54. Nb2 {[%clk 0:04:24]} Nf8 {[%clk
0:00:31]} 55. Kd3 {[%clk 0:04:12]} Nb5 {[%clk 0:00:35]} 56. a4 {[%clk 0:04:05]}
Nc7 {[%clk 0:00:37]} 57. a5 {[%clk 0:04:01]} Nd7 {[%clk 0:00:40]} 58. Kc4 {[%clk
0:04:01]} Ne8 {[%clk 0:00:33]} 59. a6 {[%clk 0:03:39]} Nd6+ {[%clk 0:00:33]} 60.
Kb4 {[%clk 0:03:39]} Nxe4 {[%clk 0:00:22]} 61. Nc4 {[%clk 0:03:30]} Nec5 {[%clk
0:00:19]} 62. a7 {[%clk 0:03:26]} Na6+ {[%clk 0:00:23]} 63. Ka5 {[%clk 0:03:24]}
Nc7 {[%clk 0:00:27]} 64. Nb8 {[%clk 0:02:42]} Ke7 {[%clk 0:00:10]} 65. Nxd7
{[%clk 0:02:45]} Kxd7 {[%clk 0:00:15]} 66. Kb6 {[%clk 0:02:48]} e4 {[%clk
0:00:14]} 67. Kb7 {[%clk 0:02:48]} 1-0